| 000 | 03333nam0a2200421 4500 | ||
|---|---|---|---|
| 001 | RU\NLR\BIBL_A\016249421 | ||
| 005 | 20230407165709.0 | ||
| 010 |
_a978-5-4439-4387-9 _92000 |
||
| 021 |
_aRU _bКН-П-22-082175 _9КН-П-22-7224 |
||
| 035 | _a(NLR Aleph) 016249421 | ||
| 035 | _a(RuMoRGB)011388495 | ||
| 090 |
_a12822561 _c12822562 |
||
| 100 | _a20221227d2023 d y0rusy50 ca | ||
| 101 | 0 | _arus | |
| 102 | _aRU | ||
| 105 | _aa j 000zy | ||
| 181 | 0 |
_ai _baxxe |
|
| 182 | 0 | _an | |
| 200 | 1 |
_aГеометрия в негеометрических задачах _fА. Д. Блинков |
|
| 203 |
_aТекст _bвизуальный _cнепосредственный |
||
| 205 | _aИзд. 3-е, стер. | ||
| 210 |
_aМосква _cМЦНМО _d2023 |
||
| 215 |
_a155 с. _cил. _d20 |
||
| 225 | 1 |
_aШкольные математические кружки _vвып. 15 |
|
| 313 | _a2-е изд. 2018 г. | ||
| 320 | _aБиблиогр.: с. 151-154 | ||
| 330 | _aПятнадцатая книжка серии "Школьные математические кружки" посвящена геометрическим методам решения различных задач и предназначена для занятий со школьниками 6-11 классов. В неё вошли разработки девяти занятий математического кружка с подробно разобранными примерами различной сложности, задачами для самостоятельного решения и методическими указаниями для учителя. В конце книги приведены дополнительные задачи и их решения, обширный список использованной литературы, а также список источников, содержащих более сложный материал. Для удобства использования заключительная часть книжки, как всегда, сделана в виде раздаточных материалов. Книжка адресована школьным учителям математики и руководителям математических кружков. Надеемся, что она будет интересна школьникам и их родителям, студентам педагогических вузов, а также всем любителям математики | ||
| 333 | _a6+ | ||
| 606 | 1 |
_aМатематика _jУчебно-методические пособия для средней школы _xЗадачи _xРешение _xГеометрические методы _92427674 _3RU\NLR\AUTH\6601663599 |
|
| 606 | 1 |
_aШкольные математические кружки _jУчебно-методические пособия _xПреподавание _92131464 _3RU\NLR\AUTH\661589931 |
|
| 675 |
_a373.167.1:514 _v4 |
||
| 686 | 1 | _aВ10я721-41 | |
| 686 | 1 | _aЧ426.24-382.71 | |
| 700 | 1 |
_7ca _8rus _aБлинков _bА. Д. _f1953- _gАлександр Давидович _92676584 _3RU\NLR\AUTH\770284187 |
|
| 942 | _cBOOK | ||
| 980 | _aNB | ||